000 00979nam a22002417a 4500
003 OSt
005 20251020171815.0
008 240202b ||||| |||| 00| 0 eng d
040 _c0
082 _aDPer 621.317 Ie21 January 2022 v.37 n. 1
100 _aTitus, Jose.
_eauthor.
_951260
245 _aFull-torque starting and low-speed operation of an LCI-fed active-reactive induction motor drive /
_cJose Titus, Harikrishnan P, and Kamalesh Hatua.
260 _aNew York ;
_bThe Institute of Electrical and Electronics Engineers, Inc. ,
_cJanuary 2022.
300 _aVolume 37, pages 738-748 :
_billustration ;
_c28 cm.
500 _aIEEE Transactions on Power Electronics, v. 37 n 1, pages 738-748, January 2022.
650 0 _aReactive power.
_965881
650 0 _aTopology.
_965877
650 0 _aWindings.
_965851
700 _aTitus, Jose.
_eauthor.
_951260
700 _aP, Harikrishnan.
_eauthor.
_951261
700 _aHatua, Kamalesh.
_eauthor.
_951262
942 _2ddc
_cPER
999 _c18888
_d18888